000 00740nam a2200229Ia 4500
003 OSt
005 20221005113142.0
006 a|||||r|||| 00| 0
007 ta
008 221004b |||||||| |||| 00| 0 pan d
024 _a27698
037 _cTextual
040 _aCRL
_cCRL
_bpan
041 _2pan
_apan
082 _aY1:1.23682, 153K3
100 _aਰੰਧਾਵਾ, ਮਹਿੰਦਰ ਸਿੰਘ
245 0 _aਕਾਂਗੜਾ
260 _aਨਵੀ੍ਵ
_bਦਿੱਲੀ ਸਾਹਿਤ ਅਕਾਦਮੀ ਭਾਰਤ
_c1963
650 _aਸਮਾਜ Fਾਸਤਰ
942 _hY1:1.23682, 153K3
_cTEXL
_2cc
999 _c1027214
_d1027214